000 00320nam a2200121Ia 4500
008 190216s9999||||xx |||||||||||||| ||und||
100 _aKhandpur R S
245 0 _aHandbook Of Biomedical Instrumentation
260 _bTata Mcgraw-Hill Education Private Limited
_c2011
300 _a924
650 _aPhysics
942 _cBK
999 _c34313
_d34313